| 000 | 01081aam a2200409a 44500 | ||
|---|---|---|---|
| 008 | 060710s2006 cat | ||
| 017 | _aM-26763-2006 | ||
| 041 | _acat | ||
| 041 | _beng | ||
| 041 | _bfre | ||
| 041 | _bger | ||
| 041 | _bspa | ||
| 080 | _a640.4(038) | ||
| 110 |
_aAsociación Española de Normalización y Certificación. Aenor _968458 |
||
| 245 | _aServeis turístics: Hotels i altres tipus d'allotjament turístic: Terminologia | ||
| 245 | _cAsociación Española de Normalización y Certificación, | ||
| 260 | _aMadrid | ||
| 260 | _bAENOR | ||
| 260 | _c2006 | ||
| 300 |
_a36 p. _c30 cm |
||
| 500 | _aNotes | ||
| 500 | _btermcat | ||
| 520 | _a78 | ||
| 546 | _acastellà | ||
| 591 | _a9234 | ||
| 592 | _aObra terminològica | ||
| 593 | _aVXE | ||
| 594 | _a9234 | ||
| 650 |
_aserveis turístics. Allotjament turístic _972489 |
||
| 901 | _ccop. <2006> | ||
| 902 | _a060710 | ||
| 942 |
_cMO _n0 _2ddc |
||
| 999 |
_c63976 _d63976 |
||